| 000 | 00521nam a2200193Ia 4500 | ||
|---|---|---|---|
| 003 | GCL | ||
| 008 | 140319s9999 xx 000 0 eng d | ||
| 040 |
_aGCL / _cGCL |
||
| 082 | 0 | 4 |
_a928.62 _bA M |
| 100 | 1 | _aAMIN, AHMAD | |
| 245 | 1 | 0 |
_aMY LIFE: THE AUTOBIOGRAPHY OF AN EGYPTIAN SCHOOLAR, WRITER AND CULTURAL LEADER / _cAMIN, AHMAD |
| 700 | 1 | _aJ.BOULLATA, ISSA | |
| 260 |
_a[S.N] : _bE.J.BRILL ، _c1978 |
||
| 300 | _a242 P | ||
| 650 | 0 | 4 | _aBIOGRAPHY |
| 650 | 0 | 4 | _aAHMAD AMIN |
| 650 | 0 | 4 | _aWRITERS |
| 942 |
_2ddc _cBK |
||
| 999 |
_c14232 _d14232 |
||